European energy security

Ekonomická a energetická bezpečnosť ako neoddeliteľná súčasť bezpečnosti Európy. Prednosti komplexného bezpečnostného modelu podľa Charty európskej bezpečnosti OBSE. Ruské energetické zdroje a nová strategická situácia. Strategické partnerstvo medzi Ruskom a EÚ.

Saved in:
Bibliographic Details
Main Author: Stoermer, Matthias
Format: Book Chapter
Language:English
Subjects:
Tags: Add Tag
No Tags, Be the first to tag this record!

MARC

LEADER 00000naa a2200000 4500
001 r043834
005 20230922120237.0
041 0 |a eng 
044 |a SK 
245 1 0 |a European energy security  |c Matthias Stoermer 
520 |a Ekonomická a energetická bezpečnosť ako neoddeliteľná súčasť bezpečnosti Európy. Prednosti komplexného bezpečnostného modelu podľa Charty európskej bezpečnosti OBSE. Ruské energetické zdroje a nová strategická situácia. Strategické partnerstvo medzi Ruskom a EÚ. 
610 2 0 |a bezpečnosť európska 
610 2 0 |a bezpečnosť ekonomická 
610 2 0 |a charta 
610 2 0 |a Európska únia 
610 2 0 |a Rusko 
610 2 0 |a energetika 
100 1 |a Stoermer, Matthias